| 000 | 00551nam a2200145 4500 | ||
|---|---|---|---|
| 999 |
_c115 _d115 |
||
| 020 | _a8176638862 | ||
| 050 |
_aSB608 _b.F8 THI |
||
| 100 | _aThind, T S | ||
| 245 |
_aDiseases of fruits and vegetables and their management _c [editor], T.S. Thind. |
||
| 260 |
_aLudhiana : _b Kalyani Publishers, _c2001. |
||
| 300 |
_a 474 pages : _bcolor illustrations ; _c 24 cm |
||
| 505 | _aINCLUDES BIBLIOGRAPHIC REFERENCE AND INDEX | ||
| 650 |
_a Fruit -- Diseases and pests. . _aVegetables -- Diseases and pests. _aFruit -- Diseases and pests -- India |
||
| 942 | _cBK | ||